| 000 | 00356nam a2200145Ia 4500 | ||
|---|---|---|---|
| 008 | 230718s9999 xx 000 0 und d | ||
| 041 | _aEng. | ||
| 082 |
_a346.44 _bMAI-F |
||
| 100 | _aMaitland Hudson Alexis | ||
| 245 | 0 | _aFrame Practical Commercial | |
| 260 |
_aPakistan _bLong man law publishers _c1991 |
||
| 300 | _a209 | ||
| 650 | _aLaw | ||
| 999 |
_c30161 _d30161 |
||